00531 a2200157 4500020002200000035001300022037004300035082000600078100002600084245006100110260004000171270008800211300002300299490002600322500002500348 c75.00a818673466X aB-211045 bRP-PV-4 / PANSY-07-08:5 / RP-07-08:ENG14aN1 aGardner, Erle Stanley1 aThe case of the Foot-loose Dollcby Erle Stanley Gardner aBangalorebMaster Mind Booksc2005r aNo. 25, Vasan Towers, Dr. TCM Royan Raode560053k080-26705679mvasanbks@bgl.net.in a188 pc18 cm (pbk) aA perry mason mystery aThis is reprint 2005